Statistics for All the Geography I know by Letter-O

Click here to take the quiz!

General Stats

  • This quiz has been taken 51 times
  • The average score is 10 of 17

Answer Stats

HintAnswer% Correct
Capital of NorwayOslo
98%
Country in the Middle EastOman
90%
City in JapanOsaka
90%
City in Ukraine/TexasOdessa
81%
City in NebraskaOmaha
77%
City in FranceOrleans
69%
Capital of Burkina Faso(Full Name)Ouagadougou
67%
City in CaliforniaOakland
60%
City in RussiaOmsk
58%
City in United KingdomOxford
56%
City in AlgeriaOran
52%
City in DenmarkOdense
48%
Mountain range in AmericaOzarks
48%
City in SpainOviedo
40%
Region of IndiaOdisha
23%
City in KyrgyzstanOsh
23%
Region of EthiopiaOromia
10%

Score Distribution

Percentile by Number Answered

Percent of People with Each Score

Your Score History

You have not taken this quiz